000 00227 a2200097 4500
001 20328
100 _aRusk R D
245 _aIntroduction to atomic & nuclear physics
260 _a
_bIliffe Books Ltd
_c
090 _c14819
_d14819
942 _aNUST-CAE
_cM
_c5357
999 _c255401
_d255401